Nghiên cứu sử dụng artemia trong ương cá bống kèo (Pseudapocryptes elongatus) : Luận văn tốt nghiệp Cao học ngành. Nuôi trồng Thủy sản

Nghiên cứu được bố trí với 02 thí nghiệm nhằm tìm ra loại thức ăn (Artemia tươi sống và Artemia đông lạnh) và tỷ lệ thay thế thức ăn viên bằng Artemia thích hợp trong ương cá bống kèo Pseudapocryptes elongatus). Cá bống kèo giống tự nhiên vơ...

Disgrifiad llawn

Wedi'i Gadw mewn:
Manylion Llyfryddiaeth
Prif Awdur: Lê, Vũ Đằng
Fformat: Llyfr
Iaith:Undetermined
Cyhoeddwyd: Cần Thơ Trường Đại học Cần Thơ 2020
Pynciau:
Tagiau: Ychwanegu Tag
Dim Tagiau, Byddwch y cyntaf i dagio'r cofnod hwn!
Thư viện lưu trữ: Trung tâm Học liệu Trường Đại học Cần Thơ
LEADER 01400nam a2200217Ia 4500
001 CTU_239498
008 210402s9999 xx 000 0 und d
082 |a 639.331 
082 |b Đ116 
088 |a 8620301 
100 |a Lê, Vũ Đằng 
245 0 |a Nghiên cứu sử dụng artemia trong ương cá bống kèo (Pseudapocryptes elongatus) : 
245 0 |b Luận văn tốt nghiệp Cao học ngành. Nuôi trồng Thủy sản 
245 0 |c Lê Vũ Đằng ; Huỳnh Thanh Tới (cán bộ hướng dẫn) 
260 |a Cần Thơ 
260 |b Trường Đại học Cần Thơ 
260 |c 2020 
520 |a Nghiên cứu được bố trí với 02 thí nghiệm nhằm tìm ra loại thức ăn (Artemia tươi sống và Artemia đông lạnh) và tỷ lệ thay thế thức ăn viên bằng Artemia thích hợp trong ương cá bống kèo Pseudapocryptes elongatus). Cá bống kèo giống tự nhiên với chiều dài và khối lượng ban đầu cho thí nghiệm 1 là 2,7 cm và 0,51 g và thí nghiệm 02 là 3,08 cm và 1,10 g, được bố trí nuôi với mật dộ 100 con/m² 
650 |a Nuôi cá nước ngọt,Freshwater fishes 
910 |c Qhieu 
980 |a Trung tâm Học liệu Trường Đại học Cần Thơ